Con quién te casas / (Record no. 91000)

MARC details
000 -LEADER
campo de control de longitud fija 00651nam a2200217 i 4500
001 - NÚMERO DE CONTROL
campo de control 91000
003 - IDENTIFICADOR DE NÚMERO DE CONTROL
campo de control ES-MaACL
005 - FECHA Y HORA DE LA ÚLTIMA TRANSACCIÓN
campo de control 20230906180620.0
007 - CAMPO FIJO DE DESCRIPCIÓN FÍSICA--INFORMACIÓN GENERAL
campo de control de longitud fija t|
008 - DATOS DE LONGITUD FIJA--INFORMACIÓN GENERAL
campo de control de longitud fija 301003s1962 sp ||||1| spa d
245 00 - MENCIÓN DEL TÍTULO
Título Con quién te casas /
Mención de responsabilidad, etc. [traducción de M. Grau de Pey y Rosa Torrens].
260 ## - PUBLICACIÓN, DISTRIBUCIÓN, ETC.
Lugar de publicación, distribución, etc. Barcelona :
Nombre del editor, distribuidor, etc. Vergara,
Fecha de publicación, distribución, etc. 1962.
300 ## - DESCRIPCIÓN FÍSICA
Extensión 158 p. :
Otras características físicas il. ;
Dimensiones 22 cm.
490 1# - MENCIÓN DE SERIE
Mención de serie Colección "Quién" ;
Designación de volumen o secuencia 2
650 #4 - PUNTO DE ACCESO ADICIONAL DE MATERIA--TÉRMINO DE MATERIA
Término de materia o nombre geográfico como elemento de entrada Elección de pareja.
9 (RLIN) 168455
700 1# - ENTRADA AGREGADA--NOMBRE PERSONAL
Nombre de persona Grau de Pey, M.
9 (RLIN) 168456
700 1# - ENTRADA AGREGADA--NOMBRE PERSONAL
Nombre de persona Torrens, Rosa.
9 (RLIN) 168457
830 0# - PUNTO DE ACCESO ADICIONAL DE SERIE-TÍTULO UNIFORME
Título uniforme Colección "Quién" ;
Designación de volumen o secuencia 2
9 (RLIN) 193394
852 ## - LOCALIZACIÓN
Ubicación ES-MaACL
Número de control de estantería P-883-Bis-1
Holdings
Estatus retirado Estado de pérdida Estado de daño No para préstamo Biblioteca de origen Biblioteca actual Ubicación en estantería Fecha de adquisición Fuente de adquisición Total de préstamos Signatura topográfica completa Código de barras Visto por última vez Precio de reemplazo Tipo de ítem Koha
        Biblioteca del Ateneo de Madrid Biblioteca del Ateneo de Madrid Depósito 2 03/10/2019     P-883-Bis-1 1201167 23/02/2023 23/02/2023 Libro impreso